Learn German Job - Statistics

General Stats
  • This quiz has been taken 7 times
  • The average score is 19 of 48
Answer Stats
English German / Deutsch % Correct
Bus driver Busfahrer
86%
Taxi driver Taxifahrer
86%
Doctor Arzt
71%
Baker Bäcker
71%
Electrician Elektriker
71%
Firefighter Feuerwehrmann
71%
Cook = chef Koch
71%
Artist Künstler
71%
Teacher Lehrer
71%
Pilot Pilot
71%
Mechanic Mechaniker
57%
Policeman Polizist
57%
Psychologist Psychologe
57%
Receptionist Rezeptionist
57%
Secretary Sekretär
57%
Technician Techniker
57%
Pharmacist Apotheker
43%
Banker Banker
43%
Designer Designer
43%
Stewardess Flugbegleiterin
43%
Hairdresser Friseur
43%
Hunter Jäger
43%
Cardiologist Kardiologe
43%
Cashier Kassierer
43%
Truck driver LKW-Fahrer
43%
Writer Schriftsteller
43%
Seller Verkäufer
43%
Scientist Wissenschaftler
43%
Ophthalmologist Augenärzt
29%
Educator Erzieher
29%
Gynecologist Gynäkologe
29%
Pediatrician Kinderarzt
29%
Nurse Krankenpfleger
29%
Bodyguard Leibwächter
29%
Butcher Metzger
29%
Psychiatrist Psychiater
29%
Lifeguard Rettungsschwimmer
29%
Veterinarian (vet) Tierarzt
29%
Accountant Buchhalter
14%
Computer scientist Informatiker
14%
Engineer Ingenieur
14%
Security agent Sicherheitsagent
14%
Caregiver Betreuer
0%
Fishman Fischmann
0%
Mason Mason
0%
Actor Schauspielerin
0%
Server Server
0%
Delivery person Zusteller
0%
No matching quizzes found
Score Distribution
Percent of People with Each Score
Percentile by Number Answered
Your Score History
You have not taken this quiz